000 01452cam a2200181 4500500
005 20251228064058.0
041 _afre
042 _adc
100 1 0 _aJolivet, Annie
_eauthor
700 1 0 _aRozenkier, Alain
_eauthor
245 0 0 _aAvant-propos
260 _c2002.
500 _a100
520 _aEn temps de guerre la propagande n’est pas le seul fait des dictatures. Sous le couvert d’« information » ou « communication » les régimes dits démocratiques la pratiquent également. Les principes classiques de la propagande servent de base à cette « communication » qu’on peut retrouver dans les récits médiatiques en faveur de la guerre et les communiqués gouvernementaux qui poussent l’opinion publique à soutenir un conflit qui, à l’origine, ne l’enthousiasmait pas forcément.
520 _aIn times of war propaganda is not only used by dictatorships. Under the cover of ‘information’ or ‘communication’, so-called democratic regimes also practice it. The classic principles of propaganda are the basis for this ‘communication’, which can be found in media’s pro-war narratives and in government communiqués that push public opinion to support a conflict that it was not necessarily enthusiastic about.
786 0 _nRetraite et société | 36 | 2 | 2002-06-01 | p. 4-7 | 1167-4687
856 4 1 _uhttps://shs.cairn.info/revue-retraite-et-societe1-2002-2-page-4?lang=fr&redirect-ssocas=7080
999 _c1589172
_d1589172